[Event "Aeroflot Open 2017"]
[Site "Moscow"]
[Date "2017.02.25"]
[Round "5"]
[White "Debashis, Das"]
[Black "Sethuraman, S P."]
[Result "1/2-1/2"]
[WhiteElo "2472"]
[BlackElo "2623"]
[Annotator "TA"]
[PlyCount "81"]
[EventDate "2017.??.??"]

1. d4 e6 2. c4 f5 3. g3 Nf6 4. Bg2 d5 5. Nf3 c6 6. O-O Bd6 7. Nc3 O-O 8. Qc2
Qe7 9. Bg5 h6 10. Bf4 Bxf4 11. gxf4 Bd7 12. Ne5 Be8 13. e3 Nbd7 {LiveBook: 4
Games} 14. Ne2 Rd8 15. b4 dxc4 {The position is equal.} 16. Qxc4 Nd5 17. Rab1
g5 18. Bxd5 exd5 19. Qd3 Nxe5 20. dxe5 b6 21. fxg5 Qxe5 (21... Qxg5+ 22. Kh1
Qe7 23. Qc3) 22. gxh6 Rd6 23. Qd4 Qxd4 24. exd4 f4 25. f3 Rxh6 26. Rf2 Re6 27.
Rg2+ Kh7 28. Kf2 Bh5 29. Rg5 Kh6 30. Rbg1 a5 31. bxa5 bxa5 32. Rg8 Ree8 33.
Rxf8 Rxf8 $11 {Endgame KRB-KRN} 34. Rc1 Be8 $1 35. Rc5 Kg5 36. Rxa5 {[#]
Hoping for Ra8.} Rh8 37. Kg2 {And now Ra8 would win.} Bg6 38. Ra3 Re8 39. Kf2
Rh8 40. Kg2 Re8 41. Kf2 1/2-1/2

[Event "Aeroflot Open 2017"]
[Site "Moscow"]
[Date "2017.02.25"]
[Round "5"]
[White "Firouzja, Alireza"]
[Black "Vavulin, Maksim"]
[Result "1-0"]
[WhiteElo "2465"]
[BlackElo "2604"]
[Annotator "TA"]
[PlyCount "95"]
[EventDate "2017.??.??"]

1. e4 e5 2. Nf3 Nc6 3. Bb5 a6 4. Ba4 d6 5. O-O b5 6. Bb3 Na5 7. d4 Nxb3 8. axb3
f6 {LiveBook: 42 Games} 9. h3 Bb7 10. Qe2 g6 {White is slightly better.} 11. c4
b4 12. Rd1 (12. c5 $16) 12... Qe7 13. c5 $1 dxc5 14. dxe5 fxe5 15. Nbd2 Nf6 16.
Nc4 {Hoping for Na5.} Bg7 (16... Nxe4 $2 17. Na5 (17. Ncxe5 Qe6 $11) 17... Rd8
18. Rxd8+ Qxd8 19. Nxb7 $18) 17. Ncxe5 (17. Ng5 $16) 17... Qe6 $1 $14 (17...
Nxe4 $2 18. Rd7 Qxd7 19. Nxd7 Kxd7 20. Ng5 Nxg5 21. Bxg5 $18) 18. Nd3 Nxe4 19.
Nf4 Qe7 $1 (19... Qxb3 $2 20. Rd3 Qf7 21. Ng5 $18) 20. Re1 {Nd2 is the strong
threat.} O-O 21. Qc4+ Kh8 22. Ne6 $36 {White fights for an advantage.} Rfe8 23.
Neg5 h6 $2 (23... Nxg5 $11 {and Black stays safe.} 24. Rxe7 Nxf3+ 25. gxf3 Rxe7
) 24. Nxe4 $1 $18 Bxe4 {[#]} 25. Nd2 $1 (25. Rxa6 Rxa6 26. Qxa6 Qd7 $15) 25...
Bd5 26. Rxe7 Bxc4 27. Rxe8+ Rxe8 28. bxc4 (28. Nxc4 Re1+ 29. Kh2 Kg8 $18) 28...
Re1+ {[#]} 29. Kh2 $1 Be5+ 30. g3 Re2 31. Kg1 (31. Rxa6 Rxf2+ 32. Kh1 Kh7 $18)
31... Bd4 32. Nf3 ({Stronger than} 32. Rxa6 Re1+ 33. Kg2 Rxc1 $11) 32... Bxf2+
33. Kf1 Rc2 34. Bf4 ({Weaker is} 34. Rxa6 Bxg3 35. Be3 Kh7 $18) 34... Kh7 35.
Rd1 ({But not} 35. Bxc7 Be3 36. Ne5 Bd4 37. Rxa6 Rxb2 $18) 35... g5 36. Rd7+
Kg6 37. Rd2 Rxd2 $2 (37... b3 38. Kxf2 gxf4 39. gxf4 Kf6) 38. Nxd2 Bd4 39. Bxc7
Bxb2 40. g4 Bd4 41. Nb3 Be3 42. Ke2 Bg1 43. Bd6 h5 44. Bxc5 Bxc5 45. Nxc5 hxg4
46. hxg4 {White mates.} a5 47. Kd3 Kf6 48. Ke4 1-0

[Event "Aeroflot Open 2017"]
[Site "Moscow"]
[Date "2017.02.25"]
[Round "5"]
[White "Lomasov, Semen"]
[Black "Goganov, Aleksey"]
[Result "1/2-1/2"]
[WhiteElo "2450"]
[BlackElo "2632"]
[Annotator "TA"]
[PlyCount "60"]
[EventDate "2017.??.??"]

1. e4 e5 2. Nc3 Nf6 3. Bc4 Nxe4 4. Qh5 Nd6 5. Bb3 Be7 6. Qxe5 O-O 7. d3 {
LiveBook: 5 Games} c6 8. d4 b5 9. Nf3 {The position is equal.} a5 {[#] ...a4
is the strong threat.} 10. a3 Ba6 (10... a4 $5 11. Ba2 $8 Nc4 12. Bxc4 bxc4 $11
) 11. O-O Nc8 12. Ne4 d5 13. Ng3 Nd7 14. Qf4 Bd6 $36 {White is under pressure.}
15. Qg4 {[#] And now Nh5 would win.} Nf6 16. Qh4 (16. Qg5 $11) 16... Ne7 $15
17. Nh5 Nxh5 18. Qxh5 g6 19. Qh4 a4 20. Ba2 f6 21. c3 Nf5 22. Qg4 Bc8 {aiming
for . ..Ng3.} 23. Qe4 {Hoping for Bxd5+!} Ra7 24. Qd3 Re7 25. Re1 Rxe1+ 26.
Nxe1 Re8 27. Bd2 Qc7 28. g3 {Black is slightly better.} Ng7 29. Ng2 Bf5 30. Qf1
Bh3 1/2-1/2

[Event "Aeroflot Open 2017"]
[Site "Moscow"]
[Date "2017.02.25"]
[Round "5"]
[White "Kovalevskaya, Ekaterina"]
[Black "Donchenko, Alexander"]
[Result "1/2-1/2"]
[WhiteElo "2423"]
[BlackElo "2553"]
[Annotator "TA"]
[PlyCount "144"]
[EventDate "2017.??.??"]

1. e4 c5 2. c3 Nf6 3. e5 Nd5 4. Bc4 Nb6 5. Bb3 d5 6. exd6 Qxd6 7. d4 cxd4 8.
cxd4 Nc6 {LiveBook: 3 Games} 9. Ne2 Bg4 10. f3 Bf5 {Black is slightly better.}
11. Nbc3 e6 12. O-O Rd8 13. Be3 Be7 14. a4 Qb4 15. Nb5 Bf6 {[#]} (15... Nc4 $11
16. Bxc4 Qxc4) 16. g4 $1 $36 {White is in control.} Na5 17. Ra3 ({Inferior is} 
17. gxf5 Qxb3 18. Qxb3 Nxb3 $15) 17... Nac4 18. Bxc4 $1 Nxc4 19. gxf5 {aiming
for Rb3.} Nxa3 20. bxa3 Qc4 21. fxe6 fxe6 22. Nbc3 (22. Nxa7 $16 O-O 23. Nb5)
22... O-O $14 23. Qb1 Bxd4 {The position is equal.} 24. Bxd4 Rxd4 25. Qxb7 Rd3
26. Qe4 Rxc3 27. Nxc3 Qxc3 28. Qxe6+ $11 {Endgame KQR-KQR} Kh8 29. Qe7 {[#]}
Qd4+ 30. Kh1 Rb8 31. Qc7 Re8 32. Qf7 Qxa4 33. Rg1 Rg8 34. Qe7 h6 35. Rg4 Qb3
36. Kg2 a6 37. Rf4 Qb2+ 38. Kh3 Qb8 39. Rg4 a5 40. Kg2 Qb2+ 41. Kh3 Rc8 42. a4
Qc3 43. Rf4 Qc6 44. Kg3 Qa8 45. Rg4 Qb8+ 46. Kh3 Qb2 47. Rf4 Qb8 48. Rg4 Rg8
49. Kg2 Qb2+ 50. Kh3 Qc3 51. Kg3 Qa1 52. Rf4 Qd1 (52... Qg1+ $5 53. Kh3 $8 Qh1
$11) 53. Rg4 Qb3 (53... Qg1+ $5 54. Kh3 $8 Qf1+ 55. Kg3 Qg1+ 56. Kh3 Qf2 $11)
54. Kg2 Qb1 55. Kg3 Qf5 56. Rf4 Qg6+ 57. Rg4 Qb6 58. Kh3 Qb2 59. Rf4 Qb3 60.
Kg2 Qd5 61. Kg3 Qc6 62. Rg4 Qc8 63. Kg2 Qc3 64. Kg3 Rb8 65. Rf4 Qc8 66. Rf7 Qg8
67. Rf5 Re8 68. Qf7 Qxf7 69. Rxf7 Re5 70. Rb7 {And now Rb5 would win.} Rg5+ 71.
Kf2 Rh5 72. Kg3 {Hoping for Rb5.} Rg5+ 1/2-1/2

[Event "Aeroflot Open 2017"]
[Site "Moscow"]
[Date "2017.02.26"]
[Round "6"]
[White "Yu, Yangyi"]
[Black "Sunilduth Lyna, Narayanan"]
[Result "1-0"]
[WhiteElo "2738"]
[BlackElo "2524"]
[Annotator "TA"]
[PlyCount "95"]
[EventDate "2017.??.??"]

1. d4 Nf6 2. c4 e6 3. Nc3 Bb4 4. Nf3 d6 5. Qc2 Nbd7 6. a3 Bxc3+ 7. Qxc3 b6 8.
e3 Bb7 9. Be2 O-O 10. O-O Ne4 11. Qc2 f5 12. b4 Rf6 13. d5 {LiveBook: 69 Games.
With the idea Nd4.} Rh6 14. dxe6 Ne5 15. Nxe5 {White is slightly better.} dxe5
16. Bb2 Qg5 17. Bxe5 {Bf4 is the strong threat.} Nd2 $1 18. Bg3 $1 Nxf1 19.
Bxf1 {Strongly threatening c5.} Rxe6 20. Bxc7 Rc8 {[#]} 21. Bg3 $1 Qf6 22. Rd1
g5 (22... h6 $16) 23. Rd7 $18 Be4 24. Qd2 Re7 25. Rd4 Bc6 (25... g4 $142 26. c5
bxc5 27. bxc5 h5) 26. c5 b5 27. h4 h6 28. Rd6 Re6 29. Qa2 Kf7 30. Rxc6 (30. h5
$142) 30... Rcxc6 31. Bxb5 Rc8 32. Bc4 Rce8 {intending ...f4.} 33. Bd6 (33.
Bxe6+ Qxe6 34. Qc2 Kg6 $18) 33... Kg6 $2 (33... gxh4 $6 34. Kh2 $18 (34. Bxe6+
Qxe6 35. Qe2 Rg8 $18)) (33... f4 34. exf4 gxf4) 34. Bxe6 Rxe6 {Endgame KQR-KQB}
35. b5 Re8 ({But not} 35... gxh4 36. Bf4 $18) ({Of course not} 35... Rxd6 36.
cxd6 Qxd6 37. Qg8+ Kf6 38. Qh7 Qd1+ 39. Kh2 $18) 36. Qd5 Qa1+ ({Much weaker is
} 36... gxh4 37. b6 axb6 38. cxb6) (36... Re6 $142 37. Bc7 gxh4) 37. Kh2 Qxa3 {
[#]} 38. h5+ $1 Kf6 (38... Kxh5 39. Qf7+) 39. b6 axb6 40. cxb6 {White mates.}
Qb2 41. b7 Qxf2 42. Qd4+ Kf7 43. b8=Q Rxb8 44. Bxb8 f4 45. Qd5+ Kf6 46. Qe5+
Kf7 47. Qf5+ Ke7 48. exf4 1-0

[Event "Aeroflot Open 2017"]
[Site "Moscow"]
[Date "2017.02.26"]
[Round "6"]
[White "Vitiugov, Nikita"]
[Black "Inarkiev, Ernesto"]
[Result "1-0"]
[WhiteElo "2724"]
[BlackElo "2723"]
[Annotator "TA"]
[PlyCount "113"]
[EventDate "2017.??.??"]

1. d4 Nf6 2. c4 e6 3. Nf3 b6 4. g3 Bb7 5. Bg2 Be7 6. O-O O-O 7. Nc3 Ne4 8. Bd2
Bf6 9. Be1 {LiveBook: 6 Games} d5 10. Qc2 Nxc3 11. Bxc3 {White has an edge.} ({
But not} 11. Qxc3 c5 12. Qe3 dxc4 $17) 11... Nd7 ({Don't take} 11... dxc4 $2 {
[#]} 12. Ng5 $1 Bxg5 13. Bxb7 $16) 12. cxd5 exd5 13. b4 c5 14. dxc5 bxc5 15.
Bxf6 Qxf6 16. Bh3 Rfd8 17. bxc5 Rac8 18. Qa4 Nxc5 19. Qxa7 Rc6 20. Rab1 {
Strongly threatening Rfc1.} Qd6 21. Qa3 d4 22. Bg2 (22. Qb4 $16) 22... Ra6 $11
23. Qb2 Bxf3 (23... Be4 $11) 24. Bxf3 $14 Na4 25. Qd2 Nc3 26. Rb2 g6 27. Rc1
Ra3 28. Kg2 Kg7 29. Rcc2 Qe6 30. Qg5 Rc8 31. Qf4 Ra4 32. Qd2 Rc5 33. h4 h6 34.
Qd3 Qe5 35. Rb7 Qe6 36. e3 Qf6 (36... Qc4 $16 {was worth a try.} 37. Qxc4 Raxc4
) 37. Rd7 dxe3 38. Qxe3 Rac4 39. Rcd2 ({Better is} 39. a4 $1 $18) 39... Re5 $2
{[#]} (39... Qe5 $16) 40. Qd3 (40. Qa7 $1 $18) 40... Rcc5 {[#]} (40... Rec5 $16
41. Rd8 Nb5) 41. Rb2 $1 $18 Nb5 42. a4 Rc3 43. Qd1 ({Worse is} 43. axb5 Rxd3
44. Rxd3 Rf5 $11) 43... Rf5 $2 (43... Rxf3 {is a better chance.} 44. Qxf3 Rf5)
44. axb5 Rfxf3 45. Qd4 Kf8 $2 (45... Rb3 46. Qxf6+ Kxf6) 46. Qxf6 {White is
clearly winning.} Rxf6 {Endgame KRR-KRR} 47. b6 Rc8 48. b7 Rb8 49. Rc7 (49. Rc2
$142 Rxb7 50. Rc8+ Kg7 51. Rxb7) 49... Re6 50. Rc8+ Re8 51. Rxb8 Rxb8 {KR-KR}
52. Kf3 Ke7 53. Ke4 Kd6 54. Kd4 h5 55. Ke4 f6 56. Rb6+ Kc5 57. Rxf6 1-0

[Event "Aeroflot Open 2017"]
[Site "Moscow"]
[Date "2017.02.26"]
[Round "6"]
[White "Jobava, Baadur"]
[Black "Kobalia, Mikhail"]
[Result "1-0"]
[WhiteElo "2701"]
[BlackElo "2628"]
[Annotator "TA"]
[PlyCount "73"]
[EventDate "2017.??.??"]

1. d4 f5 2. b3 Nf6 3. Bb2 {??.} g6 4. Nc3 Bg7 5. f3 d6 6. e3 O-O 7. Qd2 e5 8.
dxe5 dxe5 9. Bc4+ Kh8 10. Qxd8 Rxd8 {[#]} 11. Nh3 $1 Re8 12. Ng5 $36 {Black is
under strong pressure.} h6 13. h4 Na6 (13... hxg5 $2 14. hxg5+ Nh5 15. Bf7 $18)
(13... Nc6 $16 {was called for.}) 14. O-O-O $18 Nh5 (14... hxg5 $2 15. hxg5+
Nh5 16. Bf7 $18) 15. Bf7 Rf8 16. Nd5 {Black must now prevent Ne7.} Ng3 {[#]}
17. Ne7 $1 (17. Bxg6 $6 c6 $18) 17... Bf6 18. Nxg6+ Kg7 19. Nxf8 Kxf8 (19...
Nxh1 {keeps fighting.} 20. Nfh7 Nf2) 20. Bc4 Nxh1 (20... hxg5 $2 {[#]} 21. hxg5
$1 Be6 22. Bxe6 $18) 21. Nh7+ (21. Rxh1 hxg5 22. hxg5 Bxg5 $11) 21... Kg7 22.
Nxf6 Kxf6 23. Rxh1 Be6 24. Be2 Rg8 {[#]} 25. g4 $1 Nb4 $2 {[#]} (25... fxg4 $16
26. fxg4 Nc5 27. Rf1+ Ke7 28. Bxe5 Bxg4) 26. g5+ $1 hxg5 27. hxg5+ Rxg5 {[#]}
28. Bxe5+ $1 Kg6 (28... Kxe5 29. f4+) 29. f4 (29. Bxc7 Rg2 $18) 29... Bd5 (
29... Nxa2+ $2 30. Kb2 Bd5 31. Rh8 $18 (31. Bxc7 Bxh1 32. fxg5 Nb4 $16)) 30.
Rh3 ({Less strong is} 30. Bxc7 Rg2 31. Bh5+ Kf6 $16) 30... Rg1+ ({Don't go for
} 30... Nxa2+ $2 31. Kb2 Nc1 32. Kxc1 $18) 31. Kb2 {Intending Bh5+ and mate.}
Rh1 32. Rxh1 Bxh1 33. Bxc7 Be4 34. Ba5 Nc6 ({Much worse is} 34... Nxc2 35. Bd2
$18) 35. Bc3 Kf7 36. Bd4 Ke6 37. c4 1-0

[Event "Aeroflot Open 2017"]
[Site "Moscow"]
[Date "2017.02.26"]
[Round "6"]
[White "Sasikiran, Krishnan"]
[Black "Jumabayev, Rinat"]
[Result "0-1"]
[WhiteElo "2674"]
[BlackElo "2611"]
[Annotator "TA"]
[PlyCount "140"]
[EventDate "2017.??.??"]

1. e4 c5 2. Nf3 d6 3. d4 cxd4 4. Nxd4 Nf6 5. Nc3 a6 6. h3 e5 7. Nde2 h5 8. Bg5
Be6 9. g3 Nbd7 10. Bg2 Be7 11. Qd2 {LiveBook: 17 Games} b5 12. a3 Rc8 13. O-O {
The position is equal.} O-O 14. b3 Nh7 15. Be3 Nhf6 16. Rad1 Nc5 17. f4 ({
Better is} 17. f3 $1 $14) 17... a5 $11 18. fxe5 (18. Qe1 $11 Qe8 19. f5) 18...
dxe5 $17 19. Qe1 (19. Qc1 $142 Qe8 20. Bg5) 19... Ncd7 $36 {Keeping White busy.
} 20. Rd2 b4 21. Na4 (21. axb4 $17 {was called for.} Bxb4 22. Rd3) 21... bxa3
$19 22. c4 (22. Kh2 {was worth a try.}) 22... Rb8 23. Qd1 Qc8 24. Nec3 {[#]}
Nc5 $1 25. Bxc5 Bxc5+ 26. Kh2 Bd4 27. Nb5 {[#]} (27. Ra2 {is a better defense.}
) 27... Rxb5 $1 28. cxb5 Qb8 29. b6 Bxb6 30. Nxb6 Qxb6 31. Qc1 Qb4 32. Ra2 a4
33. Qxa3 Qxa3 34. Rxa3 axb3 35. Rb1 Rb8 36. Rb2 ({White should play} 36. Ra5)
36... Rb4 37. Ra8+ Kh7 38. Ra5 Nd7 39. Bf1 g6 (39... Kh6 $142 40. h4 Rxe4) 40.
Rb5 $2 (40. Ba6 $17) 40... Rxe4 41. Rd2 (41. Bg2 $142 Rd4 42. Bc6) 41... Re3
42. Rd6 Kh6 43. Rxe6 fxe6 {Endgame KRB-KRN} 44. Bc4 Rc3 45. Bxb3 Nc5 46. Bd1
Rc1 47. Kg2 Kg7 48. Be2 Rc2 49. Kf3 Kf6 50. Rb4 Ra2 51. Bc4 $2 (51. h4) 51...
Ra3+ 52. Kg2 Re3 53. Rb5 Ne4 54. Rb3 (54. Rb4 $142 Rxg3+ 55. Kh2) 54... Rxb3
55. Bxb3 {KB-KN} Nc3 56. Kf3 e4+ 57. Ke3 Ke5 58. Kd2 Nb5 59. Ba4 Nd6 60. Bd7 g5
61. h4 g4 {Black mates.} 62. Ke2 Nf5 63. Kf2 e3+ 64. Kg2 e2 65. Kf2 {[#]} Nxg3
$1 66. Be8 (66. Kxg3 e1=Q+) 66... Kd4 67. Bg6 e5 68. Ke1 Ke3 69. Bxh5 Nf5 70.
Bxg4 Nd4 0-1

[Event "Aeroflot Open 2017"]
[Site "Moscow"]
[Date "2017.02.26"]
[Round "6"]
[White "Smirin, Ilia"]
[Black "Gupta, Abhijeet"]
[Result "1-0"]
[WhiteElo "2670"]
[BlackElo "2645"]
[Annotator "TA"]
[PlyCount "139"]
[EventDate "2017.??.??"]

1. e4 e6 2. d4 d5 3. Nc3 Nf6 4. Bg5 dxe4 5. Nxe4 Be7 6. Bxf6 gxf6 7. Nf3 f5 8.
Nc3 a6 9. Qe2 b5 10. O-O-O b4 11. Na4 Qd5 12. Kb1 Nd7 13. Qe3 Bb7 14. b3 {
LiveBook: 3 Games} Qe4 15. Qd2 Rg8 16. Rg1 {The position is equal.} Bd6 {[#]} (
16... Rd8 $11) 17. Bc4 $1 $16 Qg4 18. h3 Qg7 19. d5 e5 20. g4 $1 $36 {White is
really pushing.} f4 21. Nh4 Qf6 22. Nf5 Kf8 23. Bd3 (23. Nxd6 Qxd6 24. c3 bxc3
25. Nxc3 Nc5 $14) 23... h6 24. Be4 ({Don't play} 24. Nxd6 $6 Qxd6 25. Rge1 Nf6
$14) 24... Rd8 25. f3 (25. Nxd6 $6 Qxd6 26. Bf3 Nf6 $11) 25... Rg5 (25... Bc8
$16) 26. Qf2 ({Less strong is} 26. Nxd6 Qxd6 27. c4 bxc3 28. Qxc3 Kg8 $14)
26... Rxf5 (26... Bc8 $16 27. h4 Rg8) 27. Bxf5 $18 ({But not} 27. gxf5 $6 Ra8
28. Rg2 Qh8 $18) 27... Qe7 28. Bxd7 Rxd7 29. h4 Kg7 30. g5 h5 31. Rge1 Rd8 32.
c4 c5 33. dxc6 Bxc6 34. Qe2 e4 35. fxe4 {And now Nb6 would win.} Re8 $2 (35...
Be5 {is a better defense.} 36. Rd5 Re8 37. Qxh5 Bxd5 38. exd5 Qd7) 36. Nb6
Qxe4+ 37. Qxe4 Rxe4 38. Nd5 Rxe1 39. Rxe1 {Endgame KRN-KB} Kg6 40. Kc2 Bxd5 41.
cxd5 {KR-KB} Kf5 42. Kd3 f3 43. Ke3 Kg4 44. Rf1 Bc5+ 45. Ke4 f2 46. Ke5 Kxh4
47. Kf4 {[#]} Kh3 {...Kg2 is the strong threat.} 48. Kf3 Kh4 49. Kg2 Kxg5 50.
Rc1 Bd6 (50... Be3 $142 51. d6 h4) 51. Kxf2 Kf5 52. Rh1 Kg4 53. Rg1+ Kf4 {
Threatens to win with ...Bc5+.} 54. Rg7 f5 $2 (54... Ke4 55. Rxf7 Kxd5 56. Rf5+
Be5) 55. Rh7 Ke4 56. Rxh5 f4 $2 (56... Bc5+ 57. Kg2 a5) 57. Rh6 {White is
clearly winning.} Bc5+ 58. Kf1 Kxd5 59. Ke2 a5 60. Rh5+ Kd4 61. Kf3 Bb6 62. Rb5
Bc7 63. Rb7 Be5 64. Ra7 Kc3 65. Rxa5 Bb8 66. Ra8 Bd6 67. Rd8 Be5 68. Ke4 Bg7
69. Kxf4 Kb2 70. Ra8 1-0

[Event "Aeroflot Open 2017"]
[Site "Moscow"]
[Date "2017.02.26"]
[Round "6"]
[White "Kamsky, Gata"]
[Black "Khismatullin, Denis"]
[Result "0-1"]
[WhiteElo "2669"]
[BlackElo "2639"]
[Annotator "TA"]
[PlyCount "146"]
[EventDate "2017.??.??"]

1. d4 d5 2. Bf4 c5 3. e3 {??.} Nc6 4. Nf3 cxd4 5. exd4 Bg4 6. c3 e6 7. Nbd2 Bd6
8. Bg3 Nge7 9. Bd3 Bf5 10. Be2 Ng6 11. Qb3 Rb8 12. a4 h5 13. Bxd6 Qxd6 14. O-O
Nf4 15. Rfe1 h4 16. Bf1 f6 17. c4 Kf7 18. g3 hxg3 19. fxg3 Nh3+ 20. Kg2 dxc4 (
20... g5 $15 21. cxd5 exd5) 21. Nxc4 (21. Bxc4 $11 Nxd4 22. Nxd4 Qxd4 23. Bxe6+
Bxe6 24. Qxe6+ Kg6 25. Qe4+ Qxe4+ 26. Nxe4 (26. Rxe4 Ng5 27. Re2 Rbc8 $11))
21... Qd5 $15 22. Ncd2 {White wants to play Bc4.} Qxb3 23. Nxb3 g5 24. Rac1
Rhd8 25. Bc4 Nb4 26. Nc5 Nd5 27. Bb3 Rd6 28. Nd2 b6 29. Nce4 Rd7 30. Rc6 Rbd8
31. Nc3 {aiming for Nxd5.} Ndf4+ 32. gxf4 Nxf4+ 33. Kg1 Rxd4 34. Nde4 Rb4 35.
Bc4 Rxb2 {And now ...Rg2+ would win.} 36. Rd6 $2 (36. Nd6+ $11 Kg6 37. Ne2 (37.
Nxf5 exf5 38. Bf1 Rh8 $17)) 36... Rg2+ $1 $19 37. Kf1 Rh8 $1 38. Rd2 Rxd2 39.
Nxd2 Rxh2 40. Nde4 Bh3+ 41. Kg1 Rg2+ 42. Kh1 Rc2 43. Kg1 (43. Nd6+ {is a
better defense.} Ke7 44. Ncb5) 43... Bg2 (43... Kg6 $19 44. Re3 e5) 44. Bb3 $17
Rb2 45. Nd6+ Ke7 46. Nf5+ Kd7 47. Rd1+ Ke8 48. Nd6+ Kf8 49. Rb1 Rxb1+ 50. Nxb1
f5 51. Nc3 Ke7 52. Nc8+ Kf6 53. Nxa7 Bb7 54. Nab5 g4 {Black has strong
compensation.} 55. Nd6 Bc6 {Threatens to win with ...g3.} 56. Kf2 Ke5 ({
Black should try} 56... Nd3+ $17 57. Kf1 g3) 57. Nc8 (57. Nf7+ $11 {remains
equal.} Kf6 58. Nd8) 57... Nd3+ 58. Kg3 $2 (58. Kg1 $17 {keeps fighting.})
58... Bf3 $19 59. Nxb6 $2 (59. Kh2 f4 60. Kg1) 59... f4+ 60. Kh4 g3 {Hoping
for ...g2.} 61. Nc4+ Kd4 62. Nd2 Ne5 (62... Ne1 $142 63. Nxf3+ Nxf3+ 64. Kg4
Ne5+ 65. Kh3 Kxc3 66. Bxe6 Kb4) 63. Nxf3+ Nxf3+ 64. Kh3 Kxc3 {Endgame KB-KN}
65. a5 Ne1 $1 66. Bxe6 g2 {Black mates.} 67. Kh2 {[#]} Kd4 $1 68. a6 f3 69. Bh3
Ke3 70. Bxg2 fxg2 71. Kg1 {[#]} Kf3 $1 72. a7 Kg3 73. a8=B Nf3+ 0-1

[Event "Aeroflot Open 2017"]
[Site "Moscow"]
[Date "2017.02.26"]
[Round "6"]
[White "Dubov, Daniil"]
[Black "Kovalev, Vladislav"]
[Result "1/2-1/2"]
[WhiteElo "2661"]
[BlackElo "2598"]
[Annotator "TA"]
[PlyCount "71"]
[EventDate "2017.??.??"]

1. e4 e5 2. Nf3 Nc6 3. Bb5 a6 4. Ba4 Nf6 5. O-O Be7 6. Re1 b5 7. Bb3 d6 8. a4
b4 9. a5 O-O 10. c3 Rb8 11. Bc4 {[#] LiveBook: 41 Games} Nxe4 $1 {...d5 is the
strong threat.} 12. Bd5 $1 {[#]} (12. Rxe4 $2 d5 13. Rxe5 Nxe5 14. Nxe5 Qd6 $17
) 12... Nxf2 $1 13. Kxf2 Nxa5 $1 14. cxb4 c6 15. Ba2 Rxb4 {Threatens to win
with ...e4.} 16. d4 exd4 17. Kg1 d5 18. Bd2 {Black must now prevent Rxe7.} (18.
Nxd4 $2 Qb6 19. Be3 Bc5 $19) 18... Be6 19. Bxb4 Bxb4 20. Nxd4 Bxe1 21. Qxe1 Qb6
22. Qf2 c5 $1 23. Nf3 ({Much weaker is} 23. Nxe6 fxe6 24. Qe1 Nb7 $17) 23...
Rb8 24. Nc3 c4 25. Nd4 Qxb2 {The position is equal.} 26. Rb1 Qxf2+ 27. Kxf2
Rxb1 28. Bxb1 ({Of course not} 28. Nxb1 g6 29. Nd2 Kf8 $17) 28... g6 29. Na2
Nb7 30. Ke3 Kf8 31. Nc6 Ke8 32. Kd4 Kd7 $1 33. Ncb4 Kd6 {aiming for ...Nc5.}
34. Nc3 ({Don't go for} 34. Nxa6 $2 Na5 35. Ke3 Nb3 $19) 34... Nd8 35. Bc2 Bh3
{Strongly threatening ...Ne6+.} 36. Nbxd5 1/2-1/2

[Event "Aeroflot Open 2017"]
[Site "Moscow"]
[Date "2017.02.26"]
[Round "6"]
[White "Fedoseev, Vladimir"]
[Black "Najer, Evgeniy"]
[Result "1-0"]
[WhiteElo "2658"]
[BlackElo "2659"]
[Annotator "TA"]
[PlyCount "95"]
[EventDate "2017.??.??"]

1. d4 d5 2. c4 c6 3. Nf3 Nf6 4. e3 Bg4 5. h3 Bh5 6. Nc3 e6 7. Qb3 Qb6 8. Nh4
Be7 9. g4 Bg6 10. Nxg6 hxg6 {LiveBook: 137 Games} 11. Be2 Nbd7 12. Bd2 g5 {
The position is equal.} 13. O-O-O Qxb3 14. axb3 O-O-O 15. f3 Ne8 16. Kc2 Nc7
17. Ra1 a6 18. Nd1 (18. Raf1 $11) 18... c5 19. dxc5 Bxc5 20. Nf2 Ne5 21. Nd3
Nxd3 22. Bxd3 Rh4 23. Bf1 dxc4 24. bxc4 (24. Bxc4 Rdh8 $15) 24... e5 (24... b6
$11 {keeps the balance.}) 25. Bd3 $16 Rdh8 26. b4 $36 {White is more active.}
Bd6 27. Bf1 e4 28. Be1 ({Don't play} 28. fxe4 Rxg4 29. hxg4 Rxh1 $11) 28...
exf3 {[#] aiming for ...Rxg4!} 29. Bxh4 gxh4 30. c5 Bg3 31. Bc4 Re8 32. Kd3 ({
But not} 32. Bxf7 $6 Rxe3 33. Kd2 Bf4 $11) 32... Ne6 33. Bd5 f2 (33... Rd8 $16
34. Kc4 f2) 34. c6 $18 b6 35. Bxe6+ $1 Rxe6 {Endgame KRR-KRB} 36. Rhc1 Kc7 {[#]
} 37. b5 $1 ({Don't do} 37. Rxa6 $6 Rxc6 38. Ra7+ Kb8 $16) 37... a5 38. Ke2 Re5
39. Rab1 Re7 $2 (39... g6 40. Rc4 f5) 40. Rc4 Bd6 $2 (40... Kc8 41. Rd4 Re5)
41. Kxf2 Bc5 42. Rb3 f6 43. Kf3 Bd6 44. Rd3 Be5 45. Rc2 Bd6 46. Rcd2 Re6 47.
Rd4 g6 48. e4 1-0

[Event "Aeroflot Open 2017"]
[Site "Moscow"]
[Date "2017.02.26"]
[Round "6"]
[White "Cordova, Emilio"]
[Black "Antipov, Mikhail Al"]
[Result "1-0"]
[WhiteElo "2655"]
[BlackElo "2582"]
[Annotator "TA"]
[PlyCount "77"]
[EventDate "2017.??.??"]

1. Nf3 Nf6 2. d4 e6 3. e3 c5 4. Nbd2 Be7 5. Bd3 Nc6 6. c3 b6 7. O-O Bb7 8. Re1
d5 {LiveBook: 8 Games} 9. a3 O-O 10. b4 cxd4 {The position is equal.} 11. exd4
Rc8 12. Nf1 Nb8 13. Bb2 Nbd7 14. Ng3 Ne8 15. Qc2 g6 16. Bc1 Nd6 17. Bh6 Re8 18.
Bf4 Nf6 19. Ng5 Bf8 20. h4 Bg7 21. Rac1 h6 22. Bxd6 hxg5 (22... Qxd6 $11 {
remains equal.} 23. Nxf7 Kxf7) 23. hxg5 $16 Ng4 24. Bf4 {aiming for Bxg6!} Bxd4
25. cxd4 Rxc2 26. Rxc2 e5 27. dxe5 {And now f3 would win.} d4 (27... b5 $1 $14)
28. Ne4 Bxe4 29. Rxe4 {Black must now prevent Rc4.} Qd5 30. Rc4 $36 {Strongly
threatening f3. White is really pushing.} Rd8 31. Bg3 b5 {[#]} 32. Rc1 $1 ({
And not} 32. Rcxd4 Qxd4 33. Rxd4 Rxd4 34. Bxb5 Rd1+ 35. Bf1 Ra1 $11) ({Not} 32.
Rexd4 bxc4 33. Rxd5 Rxd5 34. Bxc4 Rd1+ 35. Bf1 Ra1 $11) 32... Qb3 {[#]} (32...
Qe6 $16) 33. Be2 $1 $18 ({Stronger than} 33. Bxb5 d3 34. e6 d2 $17) 33... Ne3
$2 (33... Qb2 34. Rd1 Ne3 35. Rxe3 dxe3 36. Rxd8+ Kh7) 34. fxe3 {White is
clearly winning.} d3 35. Bf3 Qxa3 36. Rd1 a5 (36... Qb3 $142 37. Rd4 Rxd4 38.
exd4 Kf8) 37. e6 axb4 38. e7 Re8 39. Bd6 1-0

[Event "Aeroflot Open 2017"]
[Site "Moscow"]
[Date "2017.02.26"]
[Round "6"]
[White "Iturrizaga Bonelli, Eduardo"]
[Black "Matlakov, Maxim"]
[Result "1/2-1/2"]
[WhiteElo "2652"]
[BlackElo "2701"]
[Annotator "TA"]
[PlyCount "102"]
[EventDate "2017.??.??"]

1. Nf3 d5 2. c4 d4 3. e3 Nc6 4. exd4 Nxd4 5. Nxd4 Qxd4 6. Nc3 e5 7. Be2 Ne7 8.
O-O Nf5 9. d3 c6 {LiveBook: 9 Games} 10. Ne4 Be7 11. Ng3 O-O {Black is
slightly better.} 12. Nxf5 Bxf5 13. Qb3 Qd7 14. Be3 b6 15. Bf3 Rad8 16. Rfd1 c5
17. a4 Bg4 18. Bxg4 Qxg4 19. a5 Rd6 {...Rg6 is the strong threat.} 20. axb6
axb6 {White must now prevent ...Rg6.} (20... Rg6 $5 21. g3 $8 axb6 $11) 21. Ra7
Qe6 22. Qa4 Rfd8 23. Ra8 h6 24. Rxd8+ Rxd8 25. Qc2 Rd6 26. f3 f5 27. Kf1 Qd7
28. Ke2 Bg5 29. Bf2 Bf4 30. h3 Qd8 31. Qb3 Qg5 32. g4 fxg4 33. hxg4 {[#]} h5 (
33... Qf6 $1 $17) 34. gxh5 {The position is equal.} Qxh5 35. Qa4 $1 Rd8 36. Qc6
{[#]} e4 $1 {( -> ...exf3+)} 37. Qe6+ (37. Qxe4 Re8) 37... Kh8 38. dxe4 Rxd1
39. Kxd1 {Threatens to win with Ke2.} Qxf3+ 40. Ke1 Qh1+ 41. Ke2 {Strongly
threatening Qc8+.} Qh5+ 42. Ke1 Be5 43. Qf5 Qe8 44. b3 g6 45. Qh3+ Kg7 46. Ke2
Bf6 47. Qg4 b5 48. Bxc5 bxc4 49. bxc4 Qc6 50. e5 Qxc5 51. exf6+ Kxf6 1/2-1/2